| 000 | 01516nam0a2200289 i 4500 | ||
|---|---|---|---|
| 001 | RU\NLR\BIBL_A\011367477 | ||
| 005 | 20240922003939.0 | ||
| 010 |
_a9785209078586 _9100 |
||
| 021 |
_aRU _b2017-19180 _91411 |
||
| 035 | _a(RuMoRGB)008829187 | ||
| 035 | _a(NLR Aleph) 011367477 | ||
| 090 |
_a11332146 _c11332146 |
||
| 100 | _a20170413d2017 u y0rusy50 ca | ||
| 101 | 0 | _arus | |
| 102 | _aRU | ||
| 105 | _ay|||j||||00zy | ||
| 200 | 1 |
_aТолковый словарь основных терминов по курсу "Основы маркетинга" _eучебно-методическое пособие _fВ. В. Манцев _gФедеральное государственное автономное образовательное учреждение высшего образования "Российский университет дружбы народов" |
|
| 210 |
_aМосква _cРоссийский ун-т дружбы народов _d2017 |
||
| 215 |
_a30 с. _d21 |
||
| 606 | 1 |
_aМаркетинг _jТерминологические словари _jУчебно-методические пособия для высших учебных заведений _91262222 _3RU\NLR\AUTH\66200829 |
|
| 686 |
_aУ9(2)421.0-36я73-14 _2rubbk |
||
| 686 | 1 | _aУ5-361.4я73 | |
| 700 | 1 |
_7ca _8rus _aМанцев _bВ. В. _cканд. экон. наук _gВладимир Валерьевич _9186333 _3RU\NLR\AUTH\770186384 |
|
| 942 | _cBOOK | ||
| 980 | _aNBR | ||